000 00474nam a22002057a 4500
005 20250207172920.0
008 220322b2009 xxu||||| |||| 00| 0 spa d
020 _a9784849438578
041 _aESP
_aING
082 _aR 423 D545d
245 _aNuevo smart interactivo
260 _aEspañol
260 _bEditorial Océano
260 _c2009
300 _a1081 páginas
650 _aDICCIONARIOS
650 _aESPAÑOL
650 _aINGLÉS
942 _cREF
_2ddc
999 _c13277
_d13277